000 00230nam a2200097Ia 4500
008 230915s9999 xx 000 0 und d
050 _aZ 696 .S24 2005
100 _aSAGAR P.VIDYA
245 0 _aLIBRARY CLASSIFICATION
942 _cBK
999 _c206810
_d206810